| 000 | 01041cam a22002771i 4500 | ||
|---|---|---|---|
| 003 | SA-RiAUC | ||
| 005 | 20250824045542.0 | ||
| 008 | 250821s1989 su g 00000 ara c | ||
| 040 |
_aSA-RiAUC _bara _cSA-RiAUC _erda |
||
| 050 | 4 | _b.H3 1988 | |
| 082 | 0 | 4 |
_a212 _qSA-RiAUC |
| 090 |
_a212 _bح م د |
||
| 100 | 1 |
_aالحمد، أحمد بن ناصر بن محمد، _d1369 هجري- _eمؤلف. |
|
| 245 | 1 | 2 |
_aالعقيدة نبع التربية / _cتأليف أحمد بن ناصر بن محمد الحمد. |
| 250 | _aالطبعة الأولى. | ||
| 264 | 1 |
_aمكة المكرمة : _bمكتبة التراث، _c1989 |
|
| 300 |
_a155 صفحة ؛ _c24 سم |
||
| 336 |
_aنص _btxt _2rdacontent _3كتاب |
||
| 337 |
_aبدون وسيط _bn _2rdamedia |
||
| 338 |
_aمجلد _bnc _2rdacarrier |
||
| 504 | _aببليوجرافية : صفحة 139-149. | ||
| 650 | 7 |
_aالتربية الإسلامية _2aucsh |
|
| 650 | 7 |
_aعلم الكلام _2aucsh |
|
| 942 |
_2ddc _cBOOK _n0 |
||
| 949 |
_aSA-JeALM _d250821 _umohamedma123 _n1 |
||
| 999 |
_c11067 _d11067 |
||